000 01234cam a22003497a 4500
003 CHAP
005 20220329142412.0
008 001128d2000 es a r 00110 esp d
010 _a82978
011 _a83950
020 _a8428326487
035 _a94469
040 _cCHAP
082 0 4 _a631.46
_bC6Y
100 0 0 _aCoyne, Mark.
_928760
245 1 0 _aMicrobiología del suelo :
_bun enfoque exploratorio
_c/por Mark Coyne
260 _aMadrid, Esp. :
_bParaninfo.
_c2000.
300 _a416 p. ;
_bilus.
590 _aBATCH-UPD
_b10
_c20130110
_lUCH01
_h0457
590 _aBATCH-UPD
_b10
_c20130410
_lUCH01
_h0135
590 _aBATCH-UPD
_b10
_c20130914
_lUCH01
_h1055
590 _aCONVERSION
_b10
_c20130109
_lUCH01
_h1346
650 1 4 _aMicroorganismos en agricultura.
_975527
650 1 4 _aSuelos
_xEcología.
_9110343
650 1 4 _aSuelos
_xMicrobiología.
_9110434
901 _aBK
905 _aMayto Villalobos S.
942 _cLIBRO
949 _a631.46 C6Y
_bBC
_cLIBRO
_d33724000800173
_eLIBRO
_gI.208329
_h97930
_i94469
_si
_t$331.50
949 _a631.46 C6Y
_bBC
_cLIBRO
_d33724000871505
_eLIBRO
_fc.2
_gI. c/e
_h102922
_i94469
_so
_t$255.00
949 _a631.46 C6Y
_bBC
_cLIBRO
_d33724000974655
_eLIBRO
_fc.3
_gI. c/e
_h106050
_i94469
_si
_t$375.00
999 _c82978
_d82978